00724nam a2200241 a 4500001001300000003000900013005001700022008004100039020002300080082001500103100001800118245004200136260004000178300000900218500003500227505002300262650001600285700001800301902000800319942000700327952013100334999001700465nice12345678IN_TiNIC20260116014708.0100924s2009 newa grp 000 0 eng  a9789380096520c79500a305.8bRAM aRampal, Vivek aSocial Work and Community Development aNew Delhi bAlfa Publication c2009 a279p aincludes index and biblioraphy2 aBibliography,Index aSocial Work1 aRampal, Vivek bSRS cBK 001040708StackRoom-aHMIbHMId2011-04-28g795.00l1m1o305.8 RAMp023338r2015-11-20s2015-08-07v795.00w2010-09-24yBK c16497d16497